000 00542nam a2200181Ia 4500
003 OSt
005 20230603122709.0
008 210423s1991 xx 000 0 und d
040 _cAL
041 _aeng
082 _a304.6
_223
_bNAMC
100 _aNAMBISAN (Sobha).
_9119307
245 _aCensus of india 1991 district census handbook bellary districts.
260 _aKarnataka
_bDirectorate of Census operation
_c1991
365 _cINR
906 _a1991 ; bellary ; Census ; district ; districts. ; handbook ; india
942 _2ddc
_cBK
999 _c174854
_d174854